Roghi dei libri (I)-L'eredità di Calibano (Record n. 89530)
[ formato base ]
| 000 -LEADER | |
|---|---|
| fixed length control field | 01352nam a2200313Ia 4500 |
| 001 - CONTROL NUMBER | |
| control field | A4842 |
| 003 - CONTROL NUMBER IDENTIFIER | |
| control field | IT-RoPAU |
| 008 - FIXED-LENGTH DATA ELEMENTS--GENERAL INFORMATION | |
| fixed length control field | 130308s9999 xx 000 0 und d |
| 040 ## - CATALOGING SOURCE | |
| Original cataloging agency | IT-RoPAU |
| 040 ## - CATALOGING SOURCE | |
| Transcribing agency | IT-RoPAU |
| 041 ## - LANGUAGE CODE | |
| Language code of text/sound track or separate title | ITALIANO |
| 100 ## - MAIN ENTRY--PERSONAL NAME | |
| Personal name | Lowenthal Leo |
| 100 ## - MAIN ENTRY--PERSONAL NAME | |
| Miscellaneous information | Codice Aut. SPICS: 4476 |
| 240 ## - UNIFORM TITLE | |
| Uniform title | CALIBANS ERBE |
| 240 ## - UNIFORM TITLE | |
| Miscellaneous information | Codice Tit. Orig. Spics: T1174 |
| 245 ## - TITLE STATEMENT | |
| Title | Roghi dei libri (I)-L'eredità di Calibano |
| 245 ## - TITLE STATEMENT | |
| Remainder of title | Roghi dei libri (I)-L'Eredita' di Calibano |
| 250 ## - EDITION STATEMENT | |
| Edition statement | 1a ed. |
| 260 ## - PUBLICATION, DISTRIBUTION, ETC. (IMPRINT) | |
| Place of publication, distribution, etc. | GENOVA |
| 260 ## - PUBLICATION, DISTRIBUTION, ETC. (IMPRINT) | |
| Name of publisher, distributor, etc. | Il Melangolo |
| 260 ## - PUBLICATION, DISTRIBUTION, ETC. (IMPRINT) | |
| Date of publication, distribution, etc. | 1991 [1° Ed.:1991 - Ed.Ling.Originale:1984] |
| 300 ## - PHYSICAL DESCRIPTION | |
| Extent | "54 p. (prefazione: no ; testo: 54 [pagine: 0-0])" |
| 500 ## - GENERAL NOTE | |
| General note | Nella Primavera del 1933 Hitler Volle Celebrare la vittoria del Nazionalsocialismo con un Solenne rogo dei Libri. l'autore Visse Quell'Evento con L'Angoscia di un giovane Filosofo Ebreo, Costretto Dalle leggi Razziali Ad Abbandonare la Germania. Rievoca a Distanza di Decenni la Storia di Quel rito Dall'Antica Cina al Xx Secolo. Alternarsi di Civiltà e Barbarie di Cui è Intessuto Il Cammino dell'Umanità. Estinzione della Storia. Azione Igienica di Repulisti. Liquidazione del Soggetto. |
| 650 ## - SUBJECT ADDED ENTRY--TOPICAL TERM | |
| Topical term or geographic name as entry element | SOCIOLOGIA DELLA COMUNICAZIONE SOCIALE |
| 650 ## - SUBJECT ADDED ENTRY--TOPICAL TERM | |
| Relator term | Codice materia Spics: 3806 |
| 942 ## - ADDED ENTRY ELEMENTS (KOHA) | |
| Koha item type | LIBRO |
| 957 ## - | |
| -- | 1 |
| 999 ## - SYSTEM CONTROL NUMBERS (KOHA) | |
| -- | 1 |
| Withdrawn status | Lost status | Damaged status | Not for loan | Home library | Current library | Date acquired | Total Checkouts | Full call number | Date last seen | Price effective from | Koha item type | Public note |
|---|---|---|---|---|---|---|---|---|---|---|---|---|
| Buone Condizioni | Not For Loan | SPICS-MEDIATECA | SPICS-MEDIATECA | 08/03/2013 | A4842 | 08/03/2013 | 08/03/2013 | LIBRO | Progressivo inserimento: 14841 / N. Volumi: 1 Copie: 1 / data import: 1 marzo 2013 - By Epidotti, Trombetti, Vaglietti. |